Data Strategy: Cómo beneficiarse de un mundo de Big Data, Analytics e Internet de las Cosas (Registro nro. 12369)
[ vista simple ]
| 000 -Cabecera | |
|---|---|
| Campo de control de longitud fija | 01239ntm a22003737a 4500 |
| 005 - Fecha y hora de la última transacción | |
| Campo de control | 20250606114538.0 |
| 008 - Elementos de longitud fija--Información general | |
| Campo de control de longitud fija | 170403b2018 xxu||||| |||| 00| 0 spa d |
| 020 ## - International Standard Book Number | |
| Número Internacional Estándar del Libro (ISBN) | 9789587716580 |
| 041 ## - Idioma | |
| Código de idioma | |
| 082 ## - Clasificación Decimal Dewey | |
| Número de clasificación | 658.403.8 M358d |
| 100 ## - Entrada principal--Autor personal | |
| Nombre personal | Marr, Bernard |
| 9 (RLIN) | 56208 |
| 245 ## - Título propiamente dicho | |
| Título | Data Strategy: Cómo beneficiarse de un mundo de Big Data, Analytics e Internet de las Cosas |
| 260 ## - Pie de imprenta | |
| Lugar de publicación, distribución, etc. | Colombia |
| 260 ## - Pie de imprenta | |
| Nombre del editor, distribuidor, etc. | ECOE Ediciones |
| 260 ## - Pie de imprenta | |
| Fecha de publicación, distribución, etc. | 2018 |
| 300 ## - Descripción física | |
| Extensión | 184 páginas |
| 650 ## - Materia general | |
| Temática (materia general) | GESTIÓN DE LA INFORMACIÓN |
| 650 ## - Materia general | |
| Temática (materia general) | REVOLUCIÓN DE LOS NEGOCIOS |
| 650 ## - Materia general | |
| Temática (materia general) | ESTRATEGIA DE DATOS |
| 650 ## - Materia general | |
| Temática (materia general) | UTILIZAR DATOS PARA LA TOMA DE DECISIONES |
| 650 ## - Materia general | |
| Temática (materia general) | TRANSFORMACIÓN DE DATOS EN DINERO |
| 650 ## - Materia general | |
| Temática (materia general) | VENDER DATOS A CLIENTES O TERCERAS PERSONAS |
| 650 ## - Materia general | |
| Temática (materia general) | SISTEMAS DE INFORMACIÓN EN LOS NEGOCIOS |
| 650 ## - Materia general | |
| Temática (materia general) | NEGOCIOS POR INTERNET |
| 650 ## - Materia general | |
| Temática (materia general) | ESTRATEGIA DE DATOS |
| 650 ## - Materia general | |
| Temática (materia general) | INTERNET DE LAS COSAS |
| 650 ## - Materia general | |
| Temática (materia general) | BIG DATA |
| 650 ## - Materia general | |
| Temática (materia general) | BIG DATA COMO SERVICIO |
| 650 ## - Materia general | |
| Temática (materia general) | ANÁLISIS Y PROCESAMIENTO DE DATOS |
| 650 ## - Materia general | |
| Temática (materia general) | HABILIDADES ESENCIALES RELACIONADAS CON LA CIENCIA DE LOS DATOS |
| 650 ## - Materia general | |
| Temática (materia general) | FORMACIÓN Y MEJORA DE COMPETENCIAS DEL PERSONAL |
| 942 ## - Punto de acceso adicional KOHA | |
| Tipo de ítem KOHA | Libro |
| Fuente del sistema de clasificación o colocación | Dewey Decimal Classification |
| Signatura completa | Código de barras | Programa Académico | Tipo de ítem |
|---|---|---|---|
| 658.403 8 M358d | 24567 | Dirección y Administración de Empresas | Libro |